Eastern Utah Libraries Catalog: Duchesne, Heber, Roosevelt, & Vernal

Her daughter's dream / (Record no. 71799)

MARC details
000 -LEADER
fixed length control field 01080cam a22003378a 4500
001 - CONTROL NUMBER
control field BK0008956528
003 - CONTROL NUMBER IDENTIFIER
control field DLC
005 - DATE AND TIME OF LATEST TRANSACTION
control field 20241220125648.0
008 - FIXED-LENGTH DATA ELEMENTS--GENERAL INFORMATION
fixed length control field 100521s2010 ilu 000 1 eng
010 ## - LIBRARY OF CONGRESS CONTROL NUMBER
LC control number 2010020821
020 ## - INTERNATIONAL STANDARD BOOK NUMBER
International Standard Book Number 9781414334097 : HRD
Terms of availability $24.99
020 ## - INTERNATIONAL STANDARD BOOK NUMBER
International Standard Book Number 1414334095 : HRD
Terms of availability $24.99
037 ## - SOURCE OF ACQUISITION
Source of stock number/acquisition Tyndale House Pub, Attn Sharon Heggeland Po Box 80, Wheaton, IL, USA, 60189, (630)6688300
Note SAN 206-7749
040 ## - CATALOGING SOURCE
Original cataloging agency DLC
Transcribing agency DLC
050 00 - LIBRARY OF CONGRESS CALL NUMBER
Classification number PS3568.I83165
Item number H46 2010
082 00 - DEWEY DECIMAL CLASSIFICATION NUMBER
Classification number 813/.54
Edition number 22
092 ## - LOCALLY ASSIGNED DEWEY CALL NUMBER (OCLC)
Classification number 813.5400
092 ## - LOCALLY ASSIGNED DEWEY CALL NUMBER (OCLC)
Classification number RIVERS
100 1# - MAIN ENTRY--PERSONAL NAME
Personal name Rivers, Francine,
Dates associated with a name 1947-
9 (RLIN) 39047
245 10 - TITLE STATEMENT
Title Her daughter's dream /
Statement of responsibility, etc Francine Rivers.
260 ## - PUBLICATION, DISTRIBUTION, ETC. (IMPRINT)
Place of publication, distribution, etc Carol Stream, Ill. :
Name of publisher, distributor, etc Tyndale House Publishers,
Date of publication, distribution, etc 2010.
263 ## - PROJECTED PUBLICATION DATE
Projected publication date 1008
300 ## - PHYSICAL DESCRIPTION
Extent 576
490 0# - SERIES STATEMENT
Series statement Marta's legacy ;
Volume number/sequential designation 2
650 #0 - SUBJECT ADDED ENTRY--TOPICAL TERM
Topical term or geographic name as entry element Mothers and daughters
Form subdivision Fiction.
9 (RLIN) 5673712
650 #0 - SUBJECT ADDED ENTRY--TOPICAL TERM
Topical term or geographic name as entry element Self-actualization (Psychology) in women
Form subdivision Fiction.
9 (RLIN) 5674256
655 #7 - INDEX TERM--GENRE/FORM
Genre/form data or focus term Christian fiction.
Source of term gsafd
9 (RLIN) 6212474
655 #0 - INDEX TERM--GENRE/FORM
Genre/form data or focus term Domestic fiction.
9 (RLIN) 6212475
942 ## - ADDED ENTRY ELEMENTS (KOHA)
Koha item type BOOK
998 ## - LOCAL CONTROL INFORMATION (RLIN)
-- a137235
Holdings
Withdrawn status Lost status Source of classification or shelving scheme Damaged status Not for loan Collection code Home library Current library Shelving location Date acquired Source of acquisition Total Checkouts Total Renewals Full call number Barcode Date last seen Date checked out Cost, replacement price Price effective from Koha item type
    Dewey Decimal Classification     Fiction Wasatch County Library Wasatch County Library First Floor 05/07/2020 Donation 7 6 F Rivers 34301001683731 12/27/2024 11/23/2024 24.99 05/07/2020 BOOK
This project was made possible through a grant from the Institute of Museum and Library Service administered by the Utah State Library Division.

Wasatch County Library

  • 465 East 1200 South, Heber City, Utah 84032
  • Phone 435-654-1511 | Fax 435-654-6456

Hours

  • Monday - Friday 9:30 AM - 8:00 PM
  • Saturday 9:30 AM - 1:30 PM
  • Closed Sundays and Holidays